000 00730nam a2200253Ia 4500
001 39121
005 20240114002040.0
007 ta
008 070811s2003 g b000 u 465 u
040 _aCotton College,Assam
041 _a465
082 _a954
_bSh 11 En
100 _aSharma, H.S..
245 0 _aEnvironmental Conservation Depleting Resources and Sustainable Development /
_cH.S.Sharma & T.I.Khan.
_hTextual Documents
250 _a1st ed. /
260 _aJaipur :
_bAavishkar Publishers, Distributors ,
_c2003.
300 _a310p. ;
_c22cm.
653 _aSustainable Development
653 _aG-History
700 _aKhan, T.I .
942 _2ddc
_cBK
999 _c39093
_d39093